Apuntes para la preparación y presentación de proyectos de ingeniería

محفوظ في:
التفاصيل البيبلوغرافية
المؤلفون الرئيسيون: Aldunate Bareyre, Ramón Jorge (مؤلف), Tomarelli Zapico, Feliciano (مؤلف)
التنسيق: كتاب
اللغة:الإسبانية
منشور في: Quilpué Universidad Católica de Valparaíso 1986
الموضوعات:
الوسوم: إضافة وسم
لا توجد وسوم, كن أول من يضع وسما على هذه التسجيلة!

MARC

LEADER 00000nam a2200000 a 4500
001 UCK6727
003 CL-VaPUC
008 051014e19860000CL |||||||||||||||||spa|d
082 0 4 |a 658.404  |b ALD  |2 21 
100 0 |a Aldunate Bareyre, Ramón Jorge  |e author  |9 496182 
700 0 |a Tomarelli Zapico, Feliciano  |e author  |9 496183 
245 1 0 |a Apuntes para la preparación y presentación de proyectos de ingeniería 
300 |a 101 p 
942 |c BK 
945 |d 20051014 00:00:00  |a cmena 
260 |a Quilpué  |b Universidad Católica de Valparaíso  |c 1986 
650 7 |a ESTUDIO DE MERCADO  |2 CL-VaPUC  |9 350124 
650 0 |a Evaluación de proyectos   |9 259341 
650 0 |a Proyectos de inversión   |9 261065 
650 0 |a Planificación estratégica   |9 259735 
650 0 |a Gestión de la información   |9 362327 
583 |a last modification  |c 20180305 12:10:25  |k Rodrigo Vera 
999 |c 314918  |d 314916 
952 |0 0  |1 0  |4 0  |6 658_404000000000000_ALD_1986  |7 0  |8 A  |9 387720  |a BIBMEC  |b BIBMEC  |d 2019-11-22  |i 4167457  |o 658.404 ALD 1986  |p 4167457  |r 2019-11-22  |w 2019-11-22  |y BK  |k MEC